| 000 | 01413cad a2200337 4500 | ||
|---|---|---|---|
| 008 | 090401t1998 xxu||||| |||| 00| 0 eng d | ||
| 020 | _a1851120947 | ||
| 035 | _a(Sirsi) u87498 | ||
| 041 | _aeng | ||
| 050 | _a338.4369 | ||
| 110 |
_aConstruction Task Force _93648 |
||
| 240 | _aEgan report | ||
| 245 |
_aRethinking construction: the report of the Construction Task Force to the Deputy Prime Minister, John Prescott, on the scope for improving the quality and efficiency of UK construction _h[electronic resource] |
||
| 260 |
_aLondon _bDETR _c1998 |
||
| 300 | _a40p. ; 30cm. | ||
| 350 | _a12 | ||
| 520 | _aRethinking construction: the report of the Construction Task Force to the Deputy Prime Minister, John Prescott, on the scope for improving the quality and efficiency of UK construction. | ||
| 650 | _aCONSTRUCTION INDUSTRY | ||
| 650 | _aEFFICIENCY | ||
| 650 | _aEGAN REFORMS | ||
| 650 | _aHOUSE BUILDING | ||
| 650 | _aLEAN THINKING | ||
| 650 | _aMODERNISATION | ||
| 650 | _aPARTNERING | ||
| 690 | _aBUILT ENVIRONMENT | ||
| 700 |
_aEgan _eSir, John _xChairman |
||
| 710 |
_aUnited Kingdom _bDepartment of the Environment, Transport and the Regions _93507 |
||
| 856 |
_uhttps://www.constructingexcellence.org.uk/pdf/rethinking%20construction/rethinking_construction_report.pdf _zView this item free of charge at www.constructingexcellence.org.uk |
||
| 942 | _n0 | ||
| 948 | _c20/07/1998 | ||
| 999 |
_c97243 _d97243 |
||